Quiet talks on service. (Record no. 3216)

000 -LEADER
fixed length control field 00473nam a2200169 a 4500
001 - CONTROL NUMBER
control field :::00000946$&:&@@
003 - CONTROL NUMBER IDENTIFIER
control field OkBaRHE
005 - DATE AND TIME OF LATEST TRANSACTION
control field 20001025172145.0
008 - FIXED-LENGTH DATA ELEMENTS--GENERAL INFORMATION
fixed length control field j 000 0 eng u
040 ## - CATALOGING SOURCE
Transcribing agency
100 1# - MAIN ENTRY--PERSONAL NAME
Personal name Gordon, S. D.
245 10 - TITLE STATEMENT
Title Quiet talks on service.
260 ## - PUBLICATION, DISTRIBUTION, ETC. (IMPRINT)
Place of publication, distribution, etc London
Name of publisher, distributor, etc Fleming H. Revell Company
300 ## - PHYSICAL DESCRIPTION
Extent 251 p.
942 ## - ADDED ENTRY ELEMENTS (KOHA)
Source of classification or shelving scheme
Koha item type Books
Copies
Price effective from Date last seen Withdrawn status Source of classification or shelving scheme Full call number Not for loan Barcode Lost status Permanent Location Shelving location Date acquired Copy number Damaged status Koha item type
2010-04-142010-04-14  BV 4501 .G953 946 RHEMA Bible Training CollegeGeneral Stacks2010-04-141 Books